[Event "MCR senioru 2020 nad 70 let"]
[Site "Rychnov n. K."]
[Date "2020.08.10"]
[Round "3"]
[White "Jablecnik, Gustav"]
[Black "Innemann, Frantisek"]
[Result "1/2-1/2"]
[WhiteElo "1989"]
[BlackElo "1850"]
[EventDate "2020.08.08"]

1. e4  e6  2. d4  d5
3. exd5  exd5  4. Nf3
Bg4  5. Bd3  Nf6
6. O-O  Be7  7. Re1
O-O  8. Nbd2  Re8
9. c3  Nbd7  10. Nf1
c6  11. Ng3  Nh5
12. h3  Bxf3  13. Qxf3
Nxg3  14. Qxg3  Nf8
15. Bd2  Ng6  16. Bc2
Qd7  17. Qd3  Bf6
18. b4  Rxe1+  19. Rxe1
Re8  20. Rxe8+  Qxe8
21. a4  Nf8  22. Be3
g6  23. b5  Ne6
24. Qf1  Ng5  25. Bd3  Ne6
26. Qc1  Qe7  27. f4
c5  28. f5  cxd4
29. Bf2  Nc5  30. Bc2
dxc3  31. fxg6  hxg6
32. Bxc5  Qxc5+  33. Kh1
Qf2  34. Qb1  Qg3
35. Kg1  Bd4+  36. Kh1
Be5  37. Kg1  Bf4
38. Qd1  d4  39. Qe2
Be3+  40. Kh1  b6
41. Bd3  Kg7  42. Bc2
f5  43. Bd3  Kf6
44. Bc2  Bf4  45. Kg1
Qe3+  46. Qxe3  Bxe3+
47. Kf1  Ke5  48. g3
g5  49. Ke2  f4
50. Kf3  fxg3  51. Kxg3  Kd5
52. Kf3  Kc4  53. Ke2
Kb4  54. Kd3  Ka3
55. Bd1  Kb2  56. Bc2
Ka3  57. Bd1  Kb4
58. Bc2  Kc5  59. Bb3
Bg1  60. Bc2  Kd5
61. Bd1  Ke5  62. Bc2
Kf4  63. Bd1  Kg3
64. Bg4  Kf4  65. Bd1
1/2-1/2

[Event "MCR senioru 2020 nad 70 let"]
[Site "Rychnov n. K."]
[Date "2020.08.10"]
[Round "3"]
[White "Volf, Jaroslav"]
[Black "Vesely, Emanuel"]
[Result "1/2-1/2"]
[WhiteElo "1966"]
[BlackElo "1795"]
[EventDate "2020.08.08"]

1. e4  c5  2. c3  d5
3. exd5  Qxd5  4. d4
Nc6  5. Nf3  Bg4
6. Be2  e6  7. O-O
Nf6  8. Be3  cxd4
9. cxd4  Be7  10. Nc3
Qa5  11. h3  Bh5
12. Qb3  Qb4  13. Qxb4
Nxb4  14. Bb5+  Kf8
15. Ne5  a6  16. Ba4
Bd6  17. Bf4  Ke7
18. a3  Nbd5  19. Bg5
Nxc3  20. bxc3  h6
21. Bc1  b5  22. Bb3
Bxe5  23. dxe5  Nd7
24. f4  Rac8  25. a4
Rhd8  26. Ba3+  Ke8
27. g4  Bg6  28. f5
exf5  29. gxf5  Bh5
30. Ba2  Nc5  31. e6
Rd2  32. Rfe1  f6
33. axb5  axb5  34. c4
Nd3  35. Reb1  Bf3
36. Bd6  Rg2+  37. Kf1
Rf2+  1/2-1/2

[Event "MCR senioru 2020 nad 70 let"]
[Site "Rychnov n. K."]
[Date "2020.08.10"]
[Round "3"]
[White "Dolezal, Radoslav"]
[Black "Just, Pavel"]
[Result "1/2-1/2"]
[WhiteElo "1929"]
[BlackElo "1958"]
[EventDate "2020.08.08"]

1. e4  e5  2. Nf3  Nc6
3. Bb5  Nf6  4. O-O
Nxe4  5. d4  Be7
6. d5  Nd6  7. Ba4
Nd4  8. Nxe5  N4f5
9. Re1  O-O  10. Nc3
a6  11. Qd3  b5
12. Bb3  Bf6  13. Nf3  h6 14. Ne4
Nxe4 15. Qxe4 d6 16. c3 Nh4 17. Nxh4 Bxh4 18. Bc2 f5 1/2-1/2

[Event "MCR senioru 2020 nad 80 let"]
[Site "Rychnov n. K."]
[Date "2020.08.10"]
[Round "3"]
[White "Jacek, Miloslav"]
[Black "Holecek, Vladimir"]
[Result "1/2-1/2"]
[WhiteElo "1938"]
[BlackElo "1904"]
[EventDate "2020.08.08"]

1. e4  e5  2. Nf3  Nc6
3. d4  exd4  4. Bc4
Nf6  5. e5  d5
6. Bb5  Ne4  7. Nxd4  Bd7
8. Bxc6  bxc6  9. O-O
Bc5  10. f3  Ng5
11. f4  Ne6  12. Be3
Qe7  13. Qd2  Nxd4
14. Bxd4  Bf5  15. Rf2 Bxc2 16.
Qxc2 Bxd4 17. Qxc6+ 1/2-1/2

[Event "MCR senioru 2020 nad 80 let"]
[Site "Rychnov n. K."]
[Date "2020.08.10"]
[Round "3"]
[White "Prachar, Josef"]
[Black "Most, Zdenek"]
[Result "1/2-1/2"]
[WhiteElo "1792"]
[BlackElo "1978"]
[EventDate "2020.08.08"]

1. d4  d5  2. c4  Nf6
3. Nc3  g6  4. cxd5
Nxd5  5. e4  Nxc3
6. bxc3  Bg7  7. Nf3
O-O  8. Be2  c5
9. Rb1  cxd4  10. cxd4  Nc6
11. d5  Ne5  12. Nxe5
Bxe5  13. O-O  Qa5
14. f4  Qxa2  15. Be3
Bf6  16. e5  Bg7
17. Rc1  Rd8  18. Bc4
Qa3  19. Qd4  b6 1/2-1/2

[Event "MCR senioru 2020 nad 80 let"]
[Site "Rychnov n. K."]
[Date "2020.08.10"]
[Round "3"]
[White "Pokora, Lubomir"]
[Black "Vlasak, Ladislav"]
[Result "1-0"]
[WhiteElo "1732"]
[BlackElo "1765"]
[EventDate "2020.08.08"]

1. b3  Nf6  2. Bb2  g6
3. e3  Bg7  4. Nf3
O-O  5. c4  d6
6. d4  c5  7. d5  e6
8. dxe6  Bxe6  9. Bd3
d5  10. Nbd2  dxc4
11. Bxc4  Re8  12. O-O
Nc6  13. Ng5  Bxc4
14. Nxc4  Qc7  15. Qf3
Nh5  16. Bxg7  Nxg7
17. Ne4  Ne5  18. Nxe5
Rxe5  19. Rfd1  Rf5
20. Qe2  Rd8  21. Rxd8+
Qxd8 22. Rd1 Qe7  23. Nd6  Re5
24. Nc8  Qc7  25. Nxa7
Rh5  26. h3  Ne6
27. Nb5  Qe5  28. Nd6
Nd4  29. Qg4  Qxd6 30. exd4 Rd5
31. Qc8+  Kg7  32. Qxb7
Rxd4  33. Re1  Rd1
34. Qe4  Qd2  35. Rxd1
Qxd1+ 36. Kh2 Qd2  37. Qe5+  Kg8
38. Qxc5  Qxa2  39. b4
Qa3  40. Qc4  Qa7
41. Qc5  Qa3  42. Qc8+
Kg7  43. b5  Qd6+
44. g3  Qb6  45. Qc3+
Kg8  46. Qb2  h5 47. Kg2 Qb7+
48. Kg1  Qb6 49. Qb4  Kg7
50. Qc4  Qa5  51. Qc6
Qa4  52. Qc3+  Kg8
53. Qb2  Qd1+  54. Kh2
h4  55. b6  hxg3+
56. fxg3  Qd8  57. b7
Qb8  58. Qb6  Kh7
59. Qc6  Qe5  60. Qf3
Qc7  61. Qe4  Kg7
62. Qd4+  f6  63. Qb2
Qb8  64. Qc2  1-0

[Event "MCR senioru 2020 nad 80 let"]
[Site "Rychnov n. K."]
[Date "2020.08.10"]
[Round "3"]
[White "Vochozka, Jindrich"]
[Black "Walter, Jaroslav"]
[Result "1-0"]
[WhiteElo "1747"]
[BlackElo "1630"]
[EventDate "2020.08.08"]

1. d4  Nf6  2. Nf3  e6
3. c4  d5  4. Nc3
c5  5. e3  Nc6
6. a3  Qc7  7. dxc5  dxc4
8. Bxc4  Bxc5  9. b4
Be7  10. Bb2  O-O
11. Qb3  a6  12. O-O
b5  13. Be2  Bb7
14. Rac1  Rac8  15. Rfd1
Rfd8  16. Nd2  Bd6
17. g3  h5  18. Nce4
Nxe4  19. Nxe4  h4
20. Nxd6  Rxd6  21. Rc5
hxg3  22. hxg3  Rxd1+
23. Qxd1  Rd8  24. Qc2
Qd6  25. Rh5  f5
26. Rg5  Rd7  27. Qc3
Qe7  28. f4  Qf7
29. Bh5  Qe7  30. Qb3
Nd8  31. Rxg7+  Qxg7
32. Bxg7  Rxg7  33. Kf2
Bd5  34. Qd1  Rh7
35. Bf3  Rd7  36. Qc2
Bc4  37. g4  Rd3
38. gxf5  exf5  39. Be2
Rxa3  40. Bxc4+  bxc4
41. Qxc4+  Nf7 42. Qc8+ Nd8 43. Ke1 Nb7 1-0

[Event "MCR senioru 2020 nad 80 let"]
[Site "Rychnov n. K."]
[Date "2020.08.10"]
[Round "3"]
[White "Hadamek, Miroslav"]
[Black "Matoulek, Jaroslav"]
[Result "1-0"]
[WhiteElo "1649"]
[BlackElo "1560"]
[EventDate "2020.08.08"]

1. e4  e5  2. Nf3  Nc6
3. Bc4  Be7  4. Nc3
d6  5. h3  Na5
6. Be2  c6  7. b4  Nf6
8. bxa5  Qxa5  9. O-O
b5  10. Bd3  O-O
11. Bb2  b4  12. Ne2
Nd7  13. c3  Nc5
14. cxb4  Qxb4  15. Bc3
Qb6  16. Rb1  Qc7
17. Bc2  Ba6  18. d4
Nd7  19. Bd3  Bxd3
20. Qxd3  c5  21. d5
c4  22. Qc2  Nc5
23. Nc1  Rab8  24. Rxb8
Rxb8  25. Nd2  Nd7
26. Qa4  Nb6  27. Qa6
Qb7  28. Qxb7  Rxb7
29. Ne2  Na4  30. Rb1
Rxb1+  31. Nxb1  Nxc3
32. Nexc3  g6  33. Nd2
f5  34. f3  Kf8
35. Nxc4  Ke8  36. Nb5  Bg5
37. Nxa7  1-0

[Event "MCR senioru 2020 nad 50 let"]
[Site "Rychnov n. K."]
[Date "2020.08.11"]
[Round "4"]
[White "Kalousek, Vladimir"]
[Black "Pan, Vladimir"]
[Result "1-0"]
[WhiteElo "1963"]
[BlackElo "2026"]
[EventDate "2020.08.08"]

1. d4  Nf6  2. Nf3  g6
3. Bg5  Bg7  4. Nbd2
d6  5. e4  e5
6. dxe5  dxe5  7. Nxe5  Qd4
8. Nd3  O-O  9. c3
Qb6  10. Be2  Re8
11. Bxf6  Bxf6  12. O-O
c6  13. Re1  Nd7
14. Bg4  h5  15. Bh3
Qc7  16. Nf3  Nb6
17. Bxc8  Raxc8  18. Qb3
a5  19. Rad1  a4
20. Qc2  Rcd8  21. h3
a3  22. b3  Rd7
23. e5  Bg7  24. e6  Rxe6
25. Rxe6  fxe6  26. Re1
Rd5  27. c4  Rf5
28. Rxe6  Qf7  29. Qe2
Bf6  30. Re8+  Kg7
31. Qe6  Nd7  32. Qxf7+
Kxf7  33. Ra8  Bb2
34. Ra7  Nc5  35. Nxc5
Rxc5  36. Rxb7+  Ke6
37. Kf1  Rf5  38. h4
Rf4  39. Ke2  Kd6
40. Kd3  Rf8  41. Ra7
Rf4  42. Ra8  Kc5
43. Re8  Rf6  44. Rd8
Rf4  45. Rb8  Rf6
46. b4+  Kd6  47. Ra8
Rf4  48. Rg8  Rf6
49. Nd2  Kc7  50. Ne4
Re6  51. Ra8  Re5
52. Ra7+  Kb6  53. Rd7
Rf5  54. Rd6  Rf4
55. g3  Rf3+  56. Ke2
Rb3  57. b5  Be5
58. Rxc6+  Ka7  59. Ra6+
Kb8  60. axb3  1-0

[Event "MCR senioru 2020 nad 50 let"]
[Site "Rychnov n. K."]
[Date "2020.08.11"]
[Round "4"]
[White "Bartos, Jan"]
[Black "Bracha, Pavel"]
[Result "1-0"]
[WhiteElo "2131"]
[BlackElo "1843"]
[EventDate "2020.08.08"]

1. d4  Nf6  2. c4  g6
3. Nc3  d5  4. Bg5
e6  5. e3  c6
6. Nf3  Bg7  7. Bd3  O-O
8. O-O  Qc7  9. Rc1
Qb6  10. Qc2  dxc4
11. Bxc4  Nd5  12. e4
Nxc3  13. bxc3  Nd7
14. e5  Qc7  15. Be7
Re8  16. Bd6  Qd8
17. Qe4  Nb6  18. Bb3
Nd5  19. g3  Ne7
20. g4  Nd5  21. g5
Bf8  22. c4  Bxd6
23. exd6  Qxd6  24. cxd5
cxd5  25. Qe5  1-0

[Event "MCR senioru 2020 nad 50 let"]
[Site "Rychnov n. K."]
[Date "2020.08.11"]
[Round "4"]
[White "Kucera, Jiri"]
[Black "Kolibik, Jan"]
[Result "1/2-1/2"]
[WhiteElo "2019"]
[BlackElo "1612"]
[EventDate "2020.08.08"]

1. Nf3  Nf6  2. d4  d5
3. e3  Bf5  4. Nbd2
h6  5. Bd3  Bxd3
6. cxd3  c6  7. O-O
e6  8. e4  dxe4
9. dxe4  Be7  10. Qc2  O-O
11. b3  Nbd7  12. Bb2
Qb6  13. Nc4  Qb5
14. Nfe5  Rfd8  15. Rad1
Nxe5  16. dxe5  Ne8
17. a4  Qa6  18. Rxd8
Rxd8  19. Rd1  b5
20. Rxd8  Bxd8  21. Qd1
Qc8  22. Nd6  Qd7
23. Qd4  Bb6  24. Qc3
a6  25. g3  c5
26. axb5  axb5  27. Qd3  Nc7
28. Kg2  Ba5  29. f4
Bb4  30. f5  Ba5
31. Qe3  Bb6  32. f6
g5  33. h4  Ne8
34. hxg5  Nxd6  35. gxh6  Nxe4
36. h7+  Kh8  37. Qxe4
Qd2+  38. Kh3  Qh6+
39. Kg2  Qd2+  40. Kh1
Qh6+  41. Kg2  Qd2+
42. Kh3  Qh6+  43. Kg4
Qxh7  44. Qa8+  Qg8+
45. Qxg8+  Kxg8  46. Kh5
Ba5  47. Kg5  Bd2+
48. Kg4  Be3  49. Kf3
Bg1 50. Bc3 Kh7  51. Kg2  Be3
52. Kf3  Bg1  53. Kg2
Be3  54. Kf3  Bg1 55. Ke4
1/2-1/2

[Event "MCR senioru 2020 nad 50 let"]
[Site "Rychnov n. K."]
[Date "2020.08.11"]
[Round "4"]
[White "Kozak, Karel"]
[Black "Richter, Martin"]
[Result "0-1"]
[WhiteElo "1860"]
[BlackElo "1952"]
[EventDate "2020.08.08"]

1. e4  c5  2. Nf3  Nc6
3. d4  cxd4  4. Nxd4
Nf6  5. Nc3  g6
6. Be3  Bg7  7. Be2  O-O
8. f4  d6  9. h3
Qa5  10. O-O  Qb4
11. Qd3  Qxb2  12. Rab1
Qa3  13. Rb3  Qa5
14. Rb5  Qd8  15. g4
Nxd4  16. Bxd4  b6
17. Rbb1  Bb7  18. g5
Nd7  19. Bxg7  Kxg7
20. Qd4+  Kg8  21. Bg4
Qc7  22. Nb5  Qc6
23. Rfe1  Rfd8  24. Qf2
Qc5  25. Re3  a6
26. Nc3  Rac8  27. a4
Rc7  28. Qe1  Rdc8
29. Rb3  e6  30. Bf3
Qd4  31. Kg2  Nc5
32. Ra3  Qb4  33. Qa1
d5  34. exd5  Qxf4
35. Kf2  exd5  36. Ne2
Qxg5  37. Re5  Qh4+
38. Kg2  Ne4  39. Bxe4
dxe4  40. Re3  Rxc2
41. Qd4  Rxe2+ 0-1

[Event "MCR senioru 2020 nad 50 let"]
[Site "Rychnov n. K."]
[Date "2020.08.11"]
[Round "4"]
[White "Zidu, Jan"]
[Black "Kutak, Jaroslav"]
[Result "1/2-1/2"]
[WhiteElo "1828"]
[BlackElo "1217"]
[EventDate "2020.08.08"]

1. e4  d5  2. exd5  Qxd5
3. Nf3  Bg4  4. Be2
c6  5. d4  e6
6. O-O  Nf6  7. h3  Bxf3
8. Bxf3  Qd8  9. c4
Be7  10. Nc3  O-O 11. Be3 Nbd7
12. Qb3  Nb6  13. a4
a5  14. d5  Bb4
15. dxc6  bxc6  16. Bxc6  Rc8
17. Bb5  Qc7  18. Rac1
Nfd7  19. Bxd7  Nxd7
20. Nb5  Qb8  21. Rfd1
Nc5  22. Bxc5  Bxc5
23. Qf3  Rfd8  24. Rxd8+
Rxd8  25. Rd1  h6
26. b3  Rxd1+  27. Qxd1
Qf4  28. Qf3  Qc1+
29. Kh2  Qb2  30. Kg1
Qa1+  31. Kh2  Qb2
32. Kg1  Qa1+ 33. Kh2 Bb4 34. Kg1 1/2-1/2

[Event "MCR senioru 2020 nad 50 let"]
[Site "Rychnov n. K."]
[Date "2020.08.11"]
[Round "4"]
[White "Cermak, Miroslav"]
[Black "Dolezal, Rudolf"]
[Result "1-0"]
[WhiteElo "1837"]
[BlackElo "1616"]
[EventDate "2020.08.08"]

1. d4  d5  2. Bg5  Nf6
3. Nd2  Nc6  4. e3
Ne4  5. Bh4  g5
6. Nxe4  gxh4  7. Nd2  Bf5
8. Bd3  Bxd3  9. cxd3
e5  10. dxe5  Nxe5
11. d4  Nd3+  12. Ke2
Nb4  13. a3  Nc6
14. Qb3  Rb8  15. Ngf3
Bg7  16. Rac1  O-O
17. g3  h3  18. g4
Re8  19. Qd3  Qf6
20. g5  Qg6  21. Qxg6
hxg6  22. Kd3  Bf8
23. Rhg1  Bd6  24. Rg4
Kg7  25. b4  Ne7
26. Ne5  Nf5  27. f4
Rh8  28. e4  dxe4+
29. Nxe4  Bxe5  30. fxe5
Rbd8  31. Nf6  c6
32. Rc5  Rh4  33. Rxh4
Nxh4  34. Ke4  Nf5
35. d5  cxd5+  36. Nxd5
Rd7  37. Rc3  Rd8
38. Rxh3  Rc8  39. Rc3
Rh8  40. h3  Rh4+
41. Nf4  Rh8  42. Rc7
Rd8  43. Ne6+  1-0

[Event "MCR senioru 2020 nad 50 let"]
[Site "Rychnov n. K."]
[Date "2020.08.11"]
[Round "4"]
[White "Vorel, Bohuslav"]
[Black "Vorackova, Jarmila"]
[Result "0-1"]
[WhiteElo "1564"]
[BlackElo "1816"]
[EventDate "2020.08.08"]

1. e4  d5  2. exd5  Qxd5
3. Nc3  Qa5  4. Nf3
Nf6  5. d3  Bg4
6. Be2  e6  7. O-O  Be7
8. Bd2  c6  9. h3
Bh5  10. Ne4  Qc7
11. Bc3  Nbd7  12. Nxf6+
Bxf6  13. Bxf6  gxf6
14. Nh2  Bg6  15. Kh1
O-O-O  16. f4  f5
17. a4  Nf6  18. Qe1
Nd5  19. Qf2  Kb8
20. g3  f6  21. Nf3
Rhg8  22. Nh4  Rg7
23. Kh2  Re8  24. Nxg6
hxg6  25. h4  g5
26. fxg5  fxg5  27. Kh3
gxh4  28. gxh4  Reg8
29. h5  Rg3+  0-1

[Event "MCR senioru 2020 nad 60 let"]
[Site "Rychnov n. K."]
[Date "2020.08.11"]
[Round "4"]
[White "Lepik, Jaroslav"]
[Black "Janda, Zdenek"]
[Result "0-1"]
[WhiteElo "1789"]
[BlackElo "2068"]
[EventDate "2020.08.08"]

1. d4  Nf6  2. Nf3  g6
3. g3  Bg7  4. Bg2
O-O  5. O-O  d5
6. Nbd2  Nbd7  7. c4  dxc4
8. Nxc4  Nb6  9. Nce5
c6  10. Re1  Ng4
11. Bf4  Nd5  12. Qd2
Nxf4  13. Qxf4  Bh6
14. Qe4  Bf5  15. Nxg4
Bxe4  16. Nxh6+  Kg7
17. Ng4  Qb6  18. Nge5
Rad8  19. Nc4  Qb4
20. Rac1  Bxf3  21. Bxf3
Rxd4  22. a3  Qa4
23. Ne5  Rfd8  24. Nd3
Rc4  25. Rcd1  Qb3
26. Rb1  f6  27. Nf4
Kf7  28. e3  e5
29. Ne2  Rc2  30. Nc3  Rxb2
0-1

[Event "MCR senioru 2020 nad 60 let"]
[Site "Rychnov n. K."]
[Date "2020.08.11"]
[Round "4"]
[White "Malinovsky, Petr"]
[Black "Novotny, Josef"]
[Result "1-0"]
[WhiteElo "2081"]
[BlackElo "1968"]
[EventDate "2020.08.08"]

1. d4  e6  2. c4  d6
3. e4  Ne7  4. Nc3
Nd7  5. Be3  g6
6. Bd3  Bg7  7. Nge2  b6
8. Qd2  h6  9. O-O
Bb7  10. Bc2  a6
11. a4  a5  12. Rae1
Nf6  13. h3  g5
14. f4  g4  15. e5  gxh3
16. exf6  Bxf6  17. g3
d5  18. c5  Qd7
19. cxb6  cxb6  20. Bd3  Rg8
21. Kh2  h5  22. Rg1
Rg4  23. Bb5  Bc6
24. Rc1  Rc8  25. Qd3
Nf5  26. Bf2  Kf8
27. Bxc6  Rxc6  28. Nb5
Bd8  29. Rxc6  Qxc6
30. Qc3  Qd7  31. Rc1
Ne7  32. Qa3  Qe8
33. Qd6  Kg7  34. Qe5+
f6  35. Qxe6  Qg6
36. Nd6  h4  37. Rg1
f5  38. Qxg6+  Rxg6
39. gxh4  1-0

[Event "MCR senioru 2020 nad 60 let"]
[Site "Rychnov n. K."]
[Date "2020.08.11"]
[Round "4"]
[White "Juricek, Stanislav"]
[Black "Humlicek, Vojtech"]
[Result "1/2-1/2"]
[WhiteElo "2058"]
[BlackElo "1884"]
[EventDate "2020.08.08"]

1. e4  c5  2. d3  e6
3. Nf3  d5  4. Nbd2
Nc6  5. g3  Bd6
6. Bg2  Nge7  7. O-O  O-O
8. Re1  b6  9. c3
f6  10. Nb3  dxe4
11. dxe4  e5  12. Be3
Be6  13. Bf1  Bc7
14. Nbd2  Qe8  15. Qa4
Nd4  16. Qxe8  Nxf3+
17. Nxf3  Rfxe8  18. Red1
Red8  19. b3  Rxd1
20. Rxd1  Rd8  21. Rxd8+
Bxd8  22. Bb5  Kf7
23. Kf1  Bc7  24. Nd2
f5  25. f3  f4
26. Bf2  g5  27. g4  Ng8
28. Ke2  Nf6  29. Bc4
Bxc4+  30. Nxc4  Ke6
31. a4  Kd7  32. b4
Kc6  33. b5+  Kd7
34. Kd3  Ke6  35. a5
Nd7  36. Nb2  Bd8
37. Kc4  Bc7  38. Na4
Kd6  39. axb6  axb6
40. h4  h6  41. h5
Bd8  42. Nb2  Ke6
43. Bg1  Kd6  44. Nd3
Bc7  1/2-1/2

[Event "MCR senioru 2020 nad 60 let"]
[Site "Rychnov n. K."]
[Date "2020.08.11"]
[Round "4"]
[White "Bartos, Alois"]
[Black "Sobotnik, Petr"]
[Result "1/2-1/2"]
[WhiteElo "1958"]
[BlackElo "1901"]
[EventDate "2020.08.08"]

1. e4  c6  2. d4  d5
3. exd5  cxd5  4. c4
Nf6  5. Nc3  Nc6
6. Nf3  Bg4  7. cxd5
Nxd5  8. Qb3  Bxf3
9. gxf3  e6  10. Qxb7
Nxd4  11. Bb5+  Nxb5
12. Qc6+  Ke7  13. Qxb5
Nxc3  14. bxc3  Qd5
15. Qxd5  exd5  16. Be3
g6  17. Bd4  Rg8
18. Rb1  Bg7  19. Rb7+
Ke6  20. Bxg7  Rxg7
21. Kd2  Kf5  22. Re1
Kf4  23. Ree7  Kxf3
24. Rxf7+  Rxf7  25. Rxf7+
Kg2  26. Rxh7  Kxf2
27. Rf7+  Kg2  28. Rg7
Kxh2  29. Rxg6  Rb8
30. Kd3  a5  31. Ra6
Rb5  32. a4  Rc5
33. Kd4  Rc4+  34. Kxd5
Rxc3  35. Rxa5  Kg3
36. Rc5  Ra3 37. a5 Kf4  38. Kc6
Ke4  39. Kb7  Kd4
40. Rh5  Rb3+  41. Ka7
Kc4  42. a6 Rg3  43. Rh7
Kc5  44. Rc7+  Kd6
45. Rc2  Rb3  46. Rc8
Rb2  47. Rb8  Rg2
48. Rb6+  Kc5  49. Rb8
Kc6  50. Rc8+  Kd7
51. Rc5  Rb2  52. Rc4
Rb1  53. Rh4  Kc6
54. Rh7  Rb2  55. Ka8
Rb3  56. Rb7  Rg3
57. Ka7  Rg2  58. Rf7
Rb2  59. Ka8  Rb3
60. Rb7  Rg3  61. Rb8
Kc7  62. Rb4  Kc6
63. Rc4+  Kb5 1/2-1/2

[Event "MCR senioru 2020 nad 60 let"]
[Site "Rychnov n. K."]
[Date "2020.08.11"]
[Round "4"]
[White "Marek, Jiri"]
[Black "Vagner, Ladislav"]
[Result "0-1"]
[WhiteElo "1913"]
[BlackElo "1883"]
[EventDate "2020.08.08"]

1. e4  d6  2. d4  Nf6
3. Nc3  c6  4. Be3
Qa5  5. f3  e5
6. Bc4  Be7  7. dxe5  dxe5
8. a3  Nbd7  9. Nge2
O-O  10. b4  Qc7
11. O-O  b5  12. Bb3
a5  13. bxa5  Rxa5
14. a4  b4  15. Na2
Nc5  16. Bxc5  Bxc5+
17. Kh1  Ba6  18. c3
bxc3  19. Naxc3  Bd4
20. Rc1  Be3  21. Rc2
Rd8  22. Qa1  Bd3
23. Ra2  Rc5  24. Rd1
g6  25. g3  Kg7
26. a5  Ba6  27. Rxd8  Qxd8
28. Qd1  Qc7  29. Qa1
Ne8  30. Kg2  f6
31. Ra4  Nd6  32. Qa2
Nb7  33. Nd1  Bh6
34. Bc4  Bxc4  35. Rxc4
Rxc4  36. Qxc4  Nxa5
37. Qe6  Bd2  38. f4
exf4  39. gxf4  Bxf4
40. Nxf4  Qxf4  41. Qe7+
Kh6  42. Nf2 Kg5 43. Qd7 Kh6 44. Qh3+ Kg5 45.
Nd1 Kh6 46. Qe6 Kg7 47. Qd7+ Kh6 48. Qh3+ Kg5 49. Nf2 f5 50. Qxh7 0-1

[Event "MCR senioru 2020 nad 60 let"]
[Site "Rychnov n. K."]
[Date "2020.08.11"]
[Round "4"]
[White "Mihal, Sergej"]
[Black "Mlynek, Petr"]
[Result "0-1"]
[WhiteElo "1890"]
[BlackElo "2100"]
[EventDate "2020.08.08"]

1. e4  c6  2. d4  d5
3. exd5  cxd5  4. Bd3
Nc6  5. c3  Nf6
6. Bg5  g6  7. Nf3  Bg7
8. Nbd2  Bf5  9. Bxf5
gxf5  10. Bxf6  Bxf6
11. Qb3  Qd7  12. O-O-O
Rc8  13. Kb1  Na5
14. Qa3  Qb5  15. Rhe1
O-O  16. b4  Nc4
17. Qb3  Nb6  18. Ka1
Rc7  19. Nb1  Rfc8
20. Re3  f4  21. Red3
Qd7  22. Re1  Qf5
23. Qd1  Nc4  24. g3
Kh8  25. g4  Qxg4
26. Rg1  Qf5  27. Ne5
Bxe5  28. dxe5  e6
29. Rd4  Nxe5  30. Qc1
Rc4  31. Rxc4  Nxc4
32. Qd1  b6  33. Nd2
Qd3  34. Nxc4  Qxd1+
35. Rxd1  Rxc4  36. Kb2
Kg7  37. f3  Kf6
38. Kb3  b5  39. h4
Ke5  40. Re1+  Kd6
41. Rg1  e5  42. Rg7
Ke6  43. Rxh7  e4
44. Rg7  exf3  45. Rg1
Kf5  46. h5  Rc8
47. h6  Rh8  48. Kc2
Rxh6  49. Kd3  Rh2
50. Rg7  Rxa2  51. Rxf7+
Kg4  52. Rg7+  Kh3
53. Rh7+  Kg2  54. Rg7+
Kh1  55. Rf7  f2
56. Rxf4  Kg2  57. Kd4 0-1

[Event "MCR senioru 2020 nad 60 let"]
[Site "Rychnov n. K."]
[Date "2020.08.11"]
[Round "4"]
[White "Vlachopulos, Georgis"]
[Black "Pospisil, Evzen"]
[Result "1-0"]
[WhiteElo "1884"]
[BlackElo "2049"]
[EventDate "2020.08.08"]

1. d4  Nf6  2. Bf4  c5
3. d5  Qb6  4. Be5
d6  5. Bxf6  gxf6
6. Qc1  Bh6  7. e3
Bf5  8. Nc3  Nd7
9. g3  Qa5  10. Qd2
a6  11. f4  Nb6
12. e4  Bd7  13. Nf3  O-O-O
14. Be2  Na4  15. Nxa4
Qxa4  16. c4  Bh3
17. b3  Qa3  18. Kf2
Rhg8  19. Ne1  Qb4
20. Qxb4  cxb4  21. Nd3
f5  22. e5  Bg7
23. Rae1  a5  24. Bf3  Rge8
25. Rc1  b6  26. Rhe1
Kc7  27. Kg1  Rc8
28. Nf2  Bg4  29. Nxg4
fxg4  30. Bxg4  Rcd8
31. a4  h6  32. Kf2
Rg8  33. Kf3  Rdf8
34. Bh5  Bh8  35. Bg4
Re8  36. Re2  Rgf8
37. Bh5  Rd8  38. Rce1
Bg7  39. h3  Bh8
40. Bg4  f5  41. Bh5
Rd7  42. Bf7  Rxf7
43. e6  Rh7  44. exd7
Kxd7  45. g4  fxg4+
46. hxg4  Rf7  47. Re6
Be5  48. Re4  Bf6
49. Kg3  Kd8  50. Re2
Bg7  51. Rh2  Ke8
52. Rh5  Kf8  53. g5
hxg5  54. Rxg5  Bf6
55. Rg6  Rg7  56. Rxg7
Kxg7  57. Kg4  Kg6
58. Re2  Kf7  59. Kf5
Kg7  60. Ke6  1-0

[Event "MCR senioru 2020 nad 60 let"]
[Site "Rychnov n. K."]
[Date "2020.08.11"]
[Round "4"]
[White "Marinov, Peter"]
[Black "Semerak, Pavel"]
[Result "0-1"]
[WhiteElo "1850"]
[BlackElo "1939"]
[EventDate "2020.08.08"]

1. d4  Nf6  2. e3  g6
3. c3  Bg7  4. Bd3
d5  5. f4  O-O
6. Nd2  b6  7. Qe2  c5
8. Ngf3  Bb7  9. O-O
Ne4  10. Ng5  Nxg5 11. fxg5 Nd7
12. Bb5  a6  13. Bxd7
Qxd7  14. Nf3  Qe6
15. Qf2  a5  16. Bd2
Ba6  17. Rfe1  Bd3
18. Rac1  a4  19. a3
Rad8  20. Qg3  f6
21. h4  Qd6  22. Qh3
c4  23. g4  fxg5
24. Nxg5  h6  25. Nf3
Kh7  26. Rf1  Bxf1
27. Rxf1  Qe6  28. Qg2
Qe4  29. g5  h5
30. Bc1  Rf5  31. Nd2  Qxe3+
0-1

[Event "MCR senioru 2020 nad 60 let"]
[Site "Rychnov n. K."]
[Date "2020.08.11"]
[Round "4"]
[White "Privoznik, Lubos"]
[Black "Papay, Jindrich"]
[Result "0-1"]
[WhiteElo "1582"]
[BlackElo "1935"]
[EventDate "2020.08.08"]

1. e4  d6  2. d4  Nf6
3. Nc3  g6  4. g3
Bg7  5. Bg2  c6
6. a4  O-O  7. Nge2  Qc7
8. h3  e5  9. Be3
Nbd7  10. O-O  Nb6
11. b3  a6  12. Qd2
exd4  13. Nxd4  c5
14. Nde2  Be6  15. Rad1
Rad8  16. Bf4  Nc8
17. g4  Qa5  18. Nb1
Qxd2  19. Rxd2  h5
20. g5  Ne8  21. Rfd1
f6  22. h4  Rf7
23. Nbc3  Rfd7  24. Nd5  Bxd5
25. Rxd5  Ne7  26. R5d2
Nc6  27. Bh3  Re7
28. f3  Ne5  29. Kf2
b5  30. Nc3  Rb7
31. axb5  axb5  32. Nd5
fxg5  33. hxg5  Kf7
34. Bh2  Nc6  35. Nf4
Bd4+  36. Ke2  Be5
37. Be6+  Ke7  38. Bd5
Kd7  39. Be6+  Kc7
40. Nd5+  Kb8  41. Bxe5
dxe5  42. Nc3  Rxd2+
43. Rxd2  Nd4+  44. Rxd4
cxd4  45. Nxb5  Nc7
46. Na3  Nxe6  0-1

[Event "MCR senioru 2020 nad 70 let"]
[Site "Rychnov n. K."]
[Date "2020.08.11"]
[Round "4"]
[White "Sejkora, Vlastimil"]
[Black "Sedlacek, Jan"]
[Result "1-0"]
[WhiteElo "2185"]
[BlackElo "1847"]
[EventDate "2020.08.08"]

1. e4  c5  2. g3  Nc6
3. Bg2  g6  4. Ne2
Bg7  5. c3  e6
6. O-O  Nge7  7. d4  cxd4
8. cxd4  d5  9. exd5
Nxd5  10. Nbc3  O-O
11. h3  h6  12. Kh2
Kh7  13. h4  Nde7
14. Qb3  Nxd4  15. Nxd4
Bxd4  16. Nb5  Bg7
17. Rd1  Nd5  18. Bf4
Qf6  19. Bxd5  exd5
20. Nc7  g5  21. hxg5
hxg5  22. Be3  Bg4
23. Qd3+  Kg8  24. Rh1
d4  25. Nd5  Qd6
26. Kg1  f5  27. Qb3
Rf7  28. Bxg5  Re8
29. Bf4  Qe6  30. Bg5
Rd7  31. Nf6+  Bxf6
32. Bxf6  Qxb3  33. axb3
Rd5  34. Kg2  Kf7
35. Bg5  Kg6  36. Bf4
a6  37. Rh6+  Kg7
38. Rah1  Rg8  39. f3
d3  40. fxg4  d2
41. Rh7+  Kf8  42. Rd1
fxg4  43. Bxd2 Rh8 1-0